Rozpoznaj państwo po 1 słowie. - Statystyki

Ogólne statystyki
  • Ten quiz został rozwiązany 66 razy
  • Średni wynik to 14 z 25
Statystyki odpowiedzi
Słowo Państwo % Poprawnych
Piramidy Egipt/Sudan
95%
Klon Kanada
91%
Papież Watykan
88%
Korsyka Francja
86%
Aligatory Stany Zjednoczone
86%
Dubaj Zjednoczone Emiraty Arabskie
86%
Pająki Australia
84%
Kokaina Kolumbia
84%
Hamas Izrael
81%
Parlament Belgia
75%
Kolumb Włochy
75%
Unia Europejska Wielka Brytania
63%
Kilimandżaro Tanzania
60%
Pireneje Andora
54%
Pingwiny Madagaskar
51%
Kuna Chorwacja
46%
Hmerzy Kambodża
33%
2 stolice Boliwia
30%
Internet Estonia
26%
Słonie Botswana
25%
N'Dżamena Czad
23%
Mundial Urugwaj
21%
Cebu Filipiny
19%
Diamenty Sierra Leone
7%
1950r Belize
4%
Nie znaleziono quizów pasujących do podanych kryteriów
Rozkład punktacji
Procent ludzi z każdym wynikiem
Percentyl według liczby udzielonych odpowiedzi
Twoja historia wyników
Nie rozwiązałeś tego quizu